Lattice methods for multiple integration
Αποθηκεύτηκε σε:
| Κύριος συγγραφέας: | |
|---|---|
| Άλλοι συγγραφείς: | |
| Μορφή: | Βιβλίο |
| Γλώσσα: | English |
| Δημοσίευση: |
Oxford :
Clarendon press,
1994
|
| Σειρά: | Oxford science publications
|
| Θέματα: | |
| Ετικέτες: |
Προσθήκη ετικέτας
Δεν υπάρχουν, Καταχωρήστε ετικέτα πρώτοι!
|
MARC
| LEADER | 00000nam a2200000 i 4500 | ||
|---|---|---|---|
| 001 | 1/78378 | ||
| 008 | 990423s1994 eng d | ||
| 020 | |a 0-19-853472-8 | ||
| 035 | |l 10050139 | ||
| 040 | |a GR-MY-UA |b gre |e aacr | ||
| 041 | 0 | |a eng | |
| 082 | 0 | |a 515.624 | |
| 100 | 1 | |a Sloan, I. H. | |
| 245 | 1 | 0 | |a Lattice methods for multiple integration / |c I. H. Sloan and S. Joe |
| 260 | |a Oxford : |b Clarendon press, |c 1994 | ||
| 300 | |a xi, 239 p.; |b ill.; |c 24 cm. | ||
| 490 | 1 | |a Oxford science publications | |
| 500 | |a Includes bibliographical references and index | ||
| 650 | 0 | 0 | |a Multiple integrals. |
| 650 | 0 | 0 | |a Lattice theory. |
| 700 | 1 | |a Joe, S. | |
| 830 | 0 | |a Oxford science publications | |
| 852 | |a INST |b SAMOS |e 19990423 |h 515.624 SLO |p 005300013079 |q 005300013079 |t BK |y 0 | ||
| 901 | |a BIBL-1999-1 | ||
| 909 | |a Σ |b 064039 | ||
| 922 | |a 3ΕΛΗ |b 199901 |c ΚΠΣ |d GLORY | ||